| 000 | 01174cad a22002535a 4500 | ||
|---|---|---|---|
| 001 | L154578 | ||
| 008 | 120103s2011 xxk 000 0 eng d | ||
| 035 | _a(Sirsi) u154578 | ||
| 041 | 0 | _aeng | |
| 110 | 2 |
_aRoyal Institution of Chartered Surveyors _bLibrary and Information Services _94634 |
|
| 245 | 0 | 0 |
_aFAQ _bwhere can I find commercial property market reports for the Americas? _h[electronic resource] |
| 260 | _c2011 | ||
| 490 | 0 | _aRICS Library and Information Services FAQs | |
| 520 | _aThis FAQ concentrates on the Canadian, and Latin (Central and South) American commercial property markets. Provides a select list of links to regularly appearing free online commercial property market reports for the Americas excluding the US which has its own FAQ (L154160). | ||
| 590 | _aKA | ||
| 650 | 2 | 4 | _aRICS LIBRARY AND INFORMATION SERVICES FAQS |
| 651 | 4 | _aCanada | |
| 651 | 4 | _aMexico | |
| 651 | 4 | _aLatin America | |
| 651 | 4 | _aSouth America | |
| 690 | _aPROPERTY-COMMERCIAL PROPERTY-COMMERCIAL PROPERTY MARKET | ||
| 856 | 4 | 0 |
_uhttps://www.rics.org/site/scripts/faqs.aspx?categoryID=236&faqID=5703#a5703 _zView the FAQ free of charge at www.rics.org |
| 942 | _n0 | ||
| 999 |
_c83672 _d83672 |
||